Prevencion y gestion de los atrasos en el pago de los gastos publicos /

La acumulacion de atrasos en el pago de los gastos publicos es uno de los problemas mas comunes de la gestion financiera publica (GFP). En esta nota tecnica se definen los atrasos del gasto y los diferentes tipos de atrasos que surgen. Se destaca el impacto economico de la acumulacion cronica de atr...

Descripció completa

Dades bibliogràfiques
Autor principal: Flynn, Suzanne
Altres autors: Pessoa, Mario
Format: Revista
Idioma:English
Publicat: Washington, D.C. : International Monetary Fund, 2014.
Col·lecció:Technical Notes and Manuals; Technical Notes and Manuals ; No. 2014/003
Accés en línia:Full text available on IMF
LEADER 01730cas a2200265 a 4500
001 AALejournalIMF014698
008 230101c9999 xx r poo 0 0eng d
020 |c 5.00 USD 
020 |z 9781498318372 
022 |a 2075-8669 
040 |a BD-DhAAL  |c BD-DhAAL 
100 1 |a Flynn, Suzanne. 
240 1 0 |a Prevencion y gestion de los atrasos en el pago de los gastos publicos.  |l Spanish 
245 1 0 |a Prevencion y gestion de los atrasos en el pago de los gastos publicos /  |c Suzanne Flynn, Mario Pessoa. 
264 1 |a Washington, D.C. :  |b International Monetary Fund,  |c 2014. 
300 |a 1 online resource (36 pages) 
490 1 |a Technical Notes and Manuals 
500 |a <strong>Off-Campus Access:</strong> No User ID or Password Required 
500 |a <strong>On-Campus Access:</strong> No User ID or Password Required 
506 |a Electronic access restricted to authorized BRAC University faculty, staff and students 
520 3 |a La acumulacion de atrasos en el pago de los gastos publicos es uno de los problemas mas comunes de la gestion financiera publica (GFP). En esta nota tecnica se definen los atrasos del gasto y los diferentes tipos de atrasos que surgen. Se destaca el impacto economico de la acumulacion cronica de atrasos del gasto. Se analizan las causas subyacentes y los mecanismos para evitar y controlar nuevas acumulaciones de atrasos. Por ultimo, se presentan algunas estrategias para gestionar y regularizar los atrasos. 
538 |a Mode of access: Internet 
700 1 |a Pessoa, Mario. 
830 0 |a Technical Notes and Manuals; Technical Notes and Manuals ;  |v No. 2014/003 
856 4 0 |z Full text available on IMF  |u http://elibrary.imf.org/view/journals/005/2014/003/005.2014.issue-003-es.xml  |z IMF e-Library